[Event "Défi"]
[Site "www.echecsemail.com"]
[Date "2026.02.12"]
[Round "1"]
[White "Artistepeintre"]
[Black "Jlouism"]
[WhiteElo "1570"]
[BlackElo "1580"]
[Result "0-1"]
1.e4 e5
2.Ng1f3 Nb8c6
3.Bf1c4 h6
4.d3 Ng8f6
5.Bc1d2 Bf8c5
6.a3 O-O
7.Nf3h4 d6
8.c3 Nf6d7
9.Nh4g6 Rf8e8
10.Qd1f3 Nd7f6
11.h3 Nc6e7
12.Ng6h4 c6
13.b4 Bc5b6
14.a4 d5
15.Bc4b3 c5
16.c4 dxe4
17.Qf3g3 exd3
18.b5 Nf6e4
19.Qg3xe5 Ne7g6
20.Qe5h2 Qd8xh4
21.g3 Ne4xg3
22.Kd1 Ng3xh1
23.Nb1c3 Nh1xf2
24.Kc1 Bb6a5
25.Qh2d6 Qh4xh3
26.Qd6xc5 Ba5b6
27.Qc5b4 Qh3h1
28.Kb2 Qh1f3
29.Nc3d5 Bb6d4
30.Ka2 Bd4xa1
31.Kxa1 Qf3h1
32.Ka2 Nf2e4
33.Nd5c7 a5
34.Qb4d6 Ne4xd6
35.Nc7xa8 Qh1g2
{ abandon }0-1

[Event "BERNARD MAS"]
[Site "www.echecsemail.com"]
[Date "2026.02.12"]
[Round "1"]
[White "Patau"]
[Black "Petitlulu64"]
[WhiteElo "1670"]
[BlackElo "1710"]
[Result "0-1"]
1.e4 e5
2.Ng1f3 Nb8c6
3.Nb1c3 Ng8f6
4.d4 exd4
5.Nc3d5 Bf8c5
6.Bc1g5 Bc5e7
7.Bg5f4 Be7b4
8.c3 Nf6xd5
9.exd5 Qd8e7
10.Qd1e2 Qe7xe2
11.Bf1xe2 dxc3
12.O-O Nc6e7
13.bxc3 Bb4xc3
14.Ra1c1 Bc3a5
15.Bf4xc7 Ba5xc7
16.Rc1xc7 Ne7xd5
17.Rc7c5 Nd5b6
18.Rf1e1 O-O
19.Be2d3 d6
20.Rc5c7 Bc8g4
21.Rc7xb7 Bg4xf3
22.gxf3 Nb6d5
23.Bd3e4 Nd5f4
24.Re1d1 Ra8d8
25.Rb7xa7 d5
26.Be4f5 g6
27.Bf5d7 Nf4e2
28.Kf1 Ne2f4
29.Rd1d4 Rd8b8
30.Ke1 Rb8b1
31.Kd2 Rb1b2
32.Kc3 Rb2xf2
33.Rd4xf4 Rf2xh2
34.Rf4d4 h5
35.Rd4xd5 Rh2f2
36.Rd5d3 Rf2f1
37.a4 h4
38.Bd7h3 Rf1h1
39.f4 Rf8c8
40.Kd4 Rc8d8
41.Ra7d7 Rd8b8
42.Ke5 Rh1e1
43.Kf6 Rb8b6
44.Rd7d6 Rb6b4
45.Rd6d8 Kh7
46.Kxf7 Rb4xf4
{ abandon }0-1

[Event "Défi"]
[Site "www.echecsemail.com"]
[Date "2026.02.12"]
[Round "1"]
[White "Pj612"]
[Black "Intrigue"]
[WhiteElo "1700"]
[BlackElo "1700"]
[Result "1-0"]
1.e4 c6
2.d4 d5
3.e5 Bc8f5
4.Bf1d3 Bf5xd3
5.Qd1xd3 e6
6.Ng1f3 Nb8d7
7.c3 f5
8.b4 Ng8e7
9.Bc1g5 h6
10.Bg5xe7 Bf8xe7
11.O-O O-O
12.Nb1d2 b5
13.a4 a6
14.a5 Be7g5
15.Nf3xg5 Qd8xg5
16.Nd2f3 Rf8f7
17.Nf3xg5 hxg5
18.Ra1e1 g6
19.f4 gxf4
20.Rf1xf4 Kg7
21.Re1e3 Ra8h8
22.Re3h3 Rh8xh3
23.Qd3xh3 Nd7f8
24.Rf4h4 g5
25.Rh4h8 { abandon }1-0

[Event "Tournoi n27450"]
[Site "www.echecsemail.com"]
[Date "2026.02.12"]
[Round "1"]
[White "Verson"]
[Black "Vvvv"]
[WhiteElo "1830"]
[BlackElo "1680"]
[Result "0-1"]
1.d4 g6
2.Ng1f3 d6
3.Bc1f4 Bf8g7
4.e3 Nb8d7
5.Bf1d3 e5
6.Bf4g5 Ng8f6
7.Nb1d2 O-O
8.O-O Rf8e8
9.e4 c5
10.d5 a6
11.Nd2c4 Qd8c7
12.c3 b5
13.Nc4a3 c4
14.Bd3c2 Nd7c5
15.Rf1e1 Bc8g4
16.h3 Bg4h5
17.Qd1e2 h6
18.Bg5xf6 Bg7xf6
19.Qe2e3 Qc7e7
20.Qe3xh6 Bh5xf3
21.Qh6e3 Bf3xg2
22.Kxg2 Bf6g5
23.Qe3f3 Kg7
24.b3 Re8h8
25.bxc4 Rh8h4
26.Qf3e2 Bg5f4
27.cxb5 Qe7g5
28.Kf1 Rh4xh3
29.Qe2c4 Rh3h1
30.Ke2 Qg5h5
31.f3 Qh5h2
{ abandon }0-1

[Event "Coupe Niveau 3"]
[Site "www.echecsemail.com"]
[Date "2026.02.12"]
[Round "1"]
[White "Senegaulois"]
[Black "Djayphil"]
[WhiteElo "1860"]
[BlackElo "1970"]
[Result "1/2-1/2"]
1.e4 e5
2.Ng1f3 Nb8c6
3.c3 Ng8f6
4.d3 d5
5.Qd1c2 a5
6.Nb1d2 Bf8e7
7.Bf1e2 O-O
8.O-O Be7d6
9.exd5 Nf6xd5
10.Nd2c4 Bd6e7
11.Nc4xe5 Nc6xe5
12.Nf3xe5 Be7f6
13.Ne5g4 Bf6g5
14.Be2f3 Bg5xc1
15.Ra1xc1 c6
16.d4 Qd8g5
17.Bf3xd5 Bc8xg4
18.Bd5e4 g6
19.f3 Bg4e6
20.f4 Qg5h4
21.f5 Be6d5
22.Be4d3 Ra8e8
23.Rf1f2 Bd5e4
24.fxg6 fxg6
25.Bd3xe4 Qh4xe4
26.Qc2b3 Kg7
27.Rf2xf8 Qe4e3
28.Rf8f2 Qe3xc1
29.Rf2f1 Re8e1
{ nul }1/2-1/2

[Event "Eq:modesty-LES CHATTERBOX :"]
[Site "www.echecsemail.com"]
[Date "2026.02.12"]
[Round "1"]
[White "Zax"]
[Black "Onetwoyve"]
[WhiteElo "2290"]
[BlackElo "1940"]
[Result "1-0"]
1.e4 e5
2.Ng1f3 Ng8f6
3.Nf3xe5 d6
4.Ne5f3 Nf6xe4
5.Nb1c3 Ne4xc3
6.dxc3 Bc8g4
7.Bc1e3 Bf8e7
8.Qd1d2 Bg4xf3
9.gxf3 Nb8c6
10.O-O-O Qd8d7
11.Bf1b5 a6
12.Bb5c4 Nc6e5
13.Bc4e2 O-O-O
14.f4 Ne5c6
15.Rh1g1 g6
16.c4 Kb8
17.Be2f3 f5
18.Qd2c3 Rd8e8
19.Rd1d3 Rh8g8
20.Rg1d1 Nc6a7
21.Qc3b3 c6
22.Be3xa7 Kxa7
23.c5 d5
24.Qb3b6 Ka8
25.Rd3a3 Be7d8
26.Ra3xa6 bxa6
27.Qb6xa6 Kb8
28.Rd1d3 Bd8h4
29.Rd3b3 Kc7
30.Qa6b6 { abandon }1-0

[Event "Eq:Fair play-LES CHATTERBOX :"]
[Site "www.echecsemail.com"]
[Date "2026.02.12"]
[Round "1"]
[White "Carlsen10"]
[Black "Janolapin"]
[WhiteElo "1780"]
[BlackElo "1700"]
[Result "1/2-1/2"]
1.d4 d5
2.c4 e6
3.Nb1c3 Ng8f6
4.Bc1g5 Bf8e7
5.e3 b6
6.Ng1f3 Nb8d7
7.Bf1d3 Bc8b7
8.Qd1e2 O-O
9.O-O dxc4
10.Bd3xc4 Nf6d5
11.Bg5xe7 Nd5xe7
12.e4 Rf8e8
13.Ra1c1 c5
14.dxc5 Nd7xc5
15.Rf1e1 Qd8c7
16.Bc4b5 Re8d8
17.b4 Nc5d7
18.Nc3d5 Qc7d6
19.Nd5xe7 Qd6xe7
20.Re1d1 Nd7f8
21.a3 Ra8c8
22.Bb5a4 a6
23.h3 b5
24.Ba4b3 Rd8xd1
25.Rc1xd1 h6
26.Qe2e3 Rc8d8
27.Rd1xd8 Qe7xd8
28.Kh2 Qd8d6
29.g3 Qd6c6
30.Nf3d2 Nf8g6
31.Qe3c5 Qc6d7
32.Qc5c2 Ng6e7
33.Kg1 Ne7c6
34.Nd2f3 Qd7d6
35.Kg2 Nc6e5
36.Nf3xe5 Qd6xe5
37.f3 Qe5d6
38.h4 Kf8
39.Kf2 Qd6b6
40.Kg2 Qb6d8
41.Kh3 Qd8c8
42.Qc2xc8 { nul }1/2-1/2

[Event "Défi"]
[Site "www.echecsemail.com"]
[Date "2026.02.12"]
[Round "1"]
[White "Nanaluce"]
[Black "Joelcouturier"]
[WhiteElo "1200"]
[BlackElo "1210"]
[Result "1-0"]
1.e4 e5
2.Ng1f3 d6
3.d3 Ng8f6
4.Nb1c3 Nb8c6
5.h4 Bf8e7
6.Bc1e3 Nf6g4
7.Be3g5 O-O
8.Rh1h3 f6
9.Bg5d2 Bc8e6
10.a4 Ng4e3
11.Bd2xe3 d5
12.d4 Be6xh3
13.gxh3 Qd8c8
14.h5 Be7b4
15.Qd1d2 f5
16.O-O-O Rf8d8
17.h6 exd4
18.hxg7 Qc8d7
19.Be3h6 Nc6a5
20.Nf3g5 Qd7c6
21.Nc3xd5 Bb4xd2
22.Kxd2 Qc6g6
23.Nd5e7 1-0

[Event "Coupe Niveau 2"]
[Site "www.echecsemail.com"]
[Date "2026.02.12"]
[Round "1"]
[White "Tartu"]
[Black "Jlr"]
[WhiteElo "1720"]
[BlackElo "1430"]
[Result "1-0"]
1.e4 e5
2.Ng1f3 d6
3.d4 Bc8g4
4.dxe5 Nb8d7
5.exd6 Bf8xd6
6.Bf1e2 Ng8f6
7.Nb1c3 h6
8.h3 Bg4xf3
9.Be2xf3 g5
10.Bc1e3 Nd7e5
11.O-O Ne5c4
12.Be3d4 Nc4xb2
13.Qd1b1 Bd6a3
14.Nc3b5 a5
15.Nb5xa3 Qd8xd4
16.Rf1d1 Nb2xd1
17.Qb1xd1 Qd4b2
18.Na3c4 Qb2b4
19.Nc4e3 O-O
20.Ra1b1 Qb4e7
21.Rb1xb7 Rf8d8
22.Qd1e1 Kg7
23.Ne3f5 Kf8
24.Nf5xe7 Kxe7
25.Rb7xc7 Ke8
26.e5 Nf6d7
27.e6 fxe6
28.Qe1xe6 Kf8
29.Rc7xd7 Rd8xd7
30.Bf3xa8 Rd7d1
31.Kh2 a4
32.Qe6f6 Ke8
33.Ba8c6 { abandon }1-0

[Event "Défi"]
[Site "www.echecsemail.com"]
[Date "2026.02.12"]
[Round "1"]
[White "Tiounet"]
[Black "Lancov"]
[WhiteElo "1630"]
[BlackElo "1890"]
[Result "0-1"]
1.a3 d6
2.b4 Ng8f6
3.Bc1b2 g6
4.g3 Bf8g7
5.Bf1g2 c6
6.Ng1f3 Bc8g4
7.O-O Qd8d7
8.Rf1e1 Bg4h3
9.Bg2h1 h5
10.c4 Qd7g4
11.d4 Nb8d7
12.Nb1d2 h4
13.e3 hxg3
14.fxg3 Nf6h5
15.Re1e2 Nd7f6
16.Re2f2 O-O-O
17.Qd1e2 Rh8h7
18.d5 Rd8h8
19.dxc6 bxc6
20.Nf3d4 Qg4g5
21.Nd2f3 Qg5h6
22.Bb2c1 g5
23.Nd4xc6 Kd7
24.e4 Bh3g4
25.Nc6xa7 Nh5xg3
26.Qe2d3 Nf6xe4
27.Nf3xg5 Ne4xf2
28.Qd3d5 Qh6xh2
0-1

[Event "Tournoi n27430"]
[Site "www.echecsemail.com"]
[Date "2026.02.12"]
[Round "1"]
[White "Legrillon"]
[Black "Tiounet"]
[WhiteElo "1760"]
[BlackElo "1590"]
[Result "1-0"]
1.e4 a6
2.d4 b5
3.c4 bxc4
4.Bf1xc4 e6
5.Nb1c3 g6
6.Ng1f3 Bf8g7
7.e5 Bc8b7
8.O-O Ng8e7
9.Bc1g5 O-O
10.Qd1d2 Rf8e8
11.Bg5h6 Bg7h8
12.Bh6g5 Qd8c8
13.Qd2f4 Ne7f5
14.Nf3h4 Nf5xh4
15.Qf4xh4 c5
16.d5 exd5
17.Bc4xd5 Bb7xd5
18.Nc3xd5 Re8xe5
19.Nd5f6 Bh8xf6
20.Bg5xf6 Re5f5
21.Bf6c3 d5
22.Ra1c1 Nb8c6
23.Bc3d2 c4
24.Bd2c3 Rf5h5
25.Qh4f4 Qc8f5
26.Qf4d6 Ra8c8
27.Rc1d1 a5
28.b3 cxb3
29.axb3 Nc6b4
30.Bc3xb4 axb4
31.Qd6xb4 Qf5e5
32.Rf1e1 Qe5xh2
33.Kf1 Qh2h1
34.Ke2 Rc8c2
35.Kd3 Qh1xg2
36.Kxc2 Qg2xf2
37.Qb4d2 Qf2c5
38.Kb2 Rh5f5
39.Re1e2 Kg7
40.Rd1c1 Qc5b5
41.Qd2c3 Kh6
42.Re2h2 Rf5h5
43.Rh2xh5 Kxh5
44.Rc1h1 Kg5
45.Qc3e5 f5
46.Qe5e7 Kf4
47.Qe7h4 Ke5
48.Rh1e1 Kd6
49.Qh4e7 Kc6
50.Re1e6 1-0

[Event "BERNARD MAS"]
[Site "www.echecsemail.com"]
[Date "2026.02.12"]
[Round "1"]
[White "Petitlulu64"]
[Black "Legrillon"]
[WhiteElo "1710"]
[BlackElo "1750"]
[Result "1-0"]
1.d4 d5
2.Ng1f3 e6
3.Nb1c3 a6
4.e3 Nb8c6
5.Bc1d2 Ng8f6
6.Bf1d3 Bf8b4
7.O-O h6
8.a3 Bb4xc3
9.Bd2xc3 O-O
10.b4 b5
11.Nf3e5 Nc6xe5
12.dxe5 Nf6h7
13.Qd1g4 Bc8b7
14.Bd3xh7 Kxh7
15.Bc3d4 a5
16.Bd4c5 Rf8g8
17.Rf1d1 f6
18.Qg4xe6 c6
19.Qe6f5 Kh8
20.e6 Bb7c8
21.e4 axb4
22.Bc5xb4 Rg8e8
23.exd5 Qd8b6
24.Qf5g6 Bc8b7
25.d6 Re8xe6
26.d7 Ra8d8
27.Qg6f7 Re6e2
28.Bb4e7 Re2xe7
29.Qf7xe7 Kh7
30.Rd1d6 Kg6
31.Qe7e8 Kh7
32.Qe8e4 Kh8
33.Ra1e1 Qb6c7
34.Qe4e8 Rd8xe8
35.dxe8Q { abandon }1-0

[Event "Défi"]
[Site "www.echecsemail.com"]
[Date "2026.02.12"]
[Round "1"]
[White "Wenoketo"]
[Black "Snarf"]
[WhiteElo "1710"]
[BlackElo "1760"]
[Result "0-1"]
1.d4 d5
2.Ng1f3 Bc8g4
3.e3 e6
4.Bf1e2 h6
5.Nb1d2 Bf8b4
6.c3 Bb4a5
7.Nf3e5 Bg4xe2
8.Qd1xe2 Nb8d7
9.Ne5xd7 Qd8xd7
10.b4 Ba5b6
11.O-O a6
12.Nd2f3 Qd7c6
13.Bc1b2 O-O-O
14.Nf3e5 Qc6e8
15.a4 Ng8e7
16.Rf1c1 Ne7g6
17.Ne5xg6 fxg6
18.c4 dxc4
19.Rc1xc4 Rh8g8
20.Ra1c1 Rd8d7
21.Qe2c2 Qe8f7
22.a5 Bb6a7
23.Qc2c3 Ba7b8
24.Qc3e1 Rg8f8
25.Rc1c2 Rd7e7
26.Rc2e2 e5
27.Re2c2 e4
28.Bb2a3 Re7e6
29.b5 Rf8e8
30.bxa6 Re6xa6
31.Qe1c3 Qf7d5
32.Rc4xc7 Kd8
33.Rc7c8 Kd7
34.Rc8xe8 Kxe8
35.Qc3c8 Qd5d8
36.Qc8xd8 Kxd8
37.Ba3b4 Bb8c7
38.g3 Bc7xa5
39.Bb4xa5 Ra6xa5
40.Kg2 Kd7
41.f4 exf3
42.Kxf3 Ra5f5
43.Ke4 b5
44.Rc2c5 Rf5xc5
45.dxc5 Kc6
46.Kd4 g5
47.e4 g6
48.e5 b4
49.Kc4 b3
50.Kxb3 Kxc5
51.Kc3 Kd5
52.Kd3 Kxe5
53.h3 h5
54.Ke3 Kf5
55.Kf3 Ke5
56.g4 Kd4
57.Kg3 Ke3
58.h4 hxg4
59.hxg5 Ke4
60.Kg2 Kf4
61.Kg1 Kxg5
62.Kg2 Kh4
63.Kg1 Kh3
64.Kh1 g3
65.Kg1 g2
{ abandon }0-1

[Event "Tournoi n27381"]
[Site "www.echecsemail.com"]
[Date "2026.02.12"]
[Round "1"]
[White "Voyageur"]
[Black "Tizi"]
[WhiteElo "1620"]
[BlackElo "1730"]
[Result "0-1"]
1.d4 e6
2.e4 d5
3.e5 a6
4.Ng1f3 c5
5.c3 Nb8c6
6.Bf1e2 cxd4
7.cxd4 Bf8b4
8.Bc1d2 a5
9.O-O Ng8e7
10.Qd1a4 Bc8d7
11.Bd2xb4 Nc6xb4
12.Qa4b3 O-O
13.a3 Nb4c6
14.Nb1c3 Ne7f5
15.Rf1d1 Nf5h4
16.Nf3xh4 Qd8xh4
17.Nc3b5 Ra8b8
18.Nb5d6 b6
19.g3 Nc6xd4
20.Qb3d3 Nd4xe2
21.Qd3xe2 Qh4g5
22.f4 Qg5e7
23.Ra1c1 b5
24.Rc1c5 b4
25.Rc5xa5 bxa3
26.bxa3 Rb8b3
27.a4 Qe7d8
28.Ra5a6 Qd8b8
29.Rd1a1 d4
30.Qe2c4 d3
31.Ra1d1 d2
32.Rd1xd2 Rb3e3
33.Qc4c1 Qb8b3
34.Rd2b2 Qb3d3
35.a5 Re3f3
36.Ra6a7 Qd3d4
37.Kg2 Rf3c3
38.Qc1g1 Bd7c6
39.Kf1 Rc3c1
{ abandon }0-1

[Event "Défi"]
[Site "www.echecsemail.com"]
[Date "2026.02.12"]
[Round "1"]
[White "Fredbauduret"]
[Black "Jpjay"]
[WhiteElo "1940"]
[BlackElo "1660"]
[Result "1-0"]
1.c4 e5
2.Nb1c3 g6
3.e3 Bf8g7
4.Ng1f3 Nb8c6
5.Bf1e2 Ng8e7
6.d4 exd4
7.exd4 d5
8.O-O O-O
9.cxd5 Ne7xd5
10.Be2c4 Nd5b6
11.Bc4b3 Nc6xd4
12.Bc1e3 Nd4xb3
13.Qd1xb3 Bc8g4
14.Be3g5 Qd8c8
15.Ra1d1 Bg4xf3
16.gxf3 Qc8h3
17.Nc3e2 Qh3xf3
18.Qb3xf3 { abandon }1-0

[Event "Défi( 10J+24H/c 10J Max )"]
[Site "www.echecsemail.com"]
[Date "2026.02.12"]
[Round "1"]
[White "Jeff75019"]
[Black "Patau"]
[WhiteElo "1470"]
[BlackElo "1660"]
[Result "0-1"]
1.e4 e5
2.Ng1f3 Ng8f6
3.Bf1c4 Nf6xe4
4.Nf3xe5 d5
5.Qd1h5 g6
6.Qh5f3 f6
7.Ne5g4 Bc8xg4
8.Qf3xg4 f5
9.Qg4e2 dxc4
10.O-O Bf8e7
11.Qe2xc4 Nb8c6
12.d3 Ne4d6
13.Qc4c3 Qd8d7
14.Qc3xh8 Kf7
15.Qh8xh7 Ke6
16.Qh7xg6 Kd5
17.Nb1c3 Kc5
18.Bc1e3 Kb4
19.a3 Ka5
20.b4 Ka6
21.b5 Nd6xb5
22.Nc3xb5 Kxb5
23.Rf1b1 Ka6
24.Qg6h6 Ra8g8
25.h3 Qd7d5
26.Qh6f4 Qd5xg2
0-1

[Event "Défi"]
[Site "www.echecsemail.com"]
[Date "2026.02.12"]
[Round "1"]
[White "Kaby771"]
[Black "Superman"]
[WhiteElo "1820"]
[BlackElo "1760"]
[Result "1-0"]
1.d4 Ng8f6
2.c4 g6
3.Nb1c3 Bf8g7
4.e4 d6
5.Bf1d3 O-O
6.Ng1f3 Nb8d7
7.O-O e6
8.Bc1g5 c5
9.Nc3b5 Nd7b6
10.e5 h6
11.Bg5h4 dxe5
12.dxe5 g5
13.Bh4g3 Nf6h5
14.Qd1e2 f6
15.Ra1d1 Qd8e7
16.exf6 Bg7xf6
17.Bg3d6 Qe7f7
18.Bd6xf8 Qf7xf8
19.Nb5c7 Ra8b8
20.Nc7xe6 Qf8f7
21.Ne6xc5 Nh5f4
22.Qe2e4 Bc8g4
23.Bd3c2 Bf6xb2
24.Rd1d6 Nb6xc4
25.Rf1d1 Nc4xd6
26.Rd1xd6 Bb2a3
27.Bc2b3 Bg4e6
28.Nc5xe6 Ba3xd6
29.Ne6xf4 Qf7xb3
30.axb3 Bd6xf4
31.Nf3d4 Rb8d8
32.g3 Bf4d2
33.Qe4e6 Kf8
34.Nd4f5 { abandon }1-0

[Event "Défi"]
[Site "www.echecsemail.com"]
[Date "2026.02.12"]
[Round "1"]
[White "Chevalice"]
[Black "Tartu"]
[WhiteElo "1670"]
[BlackElo "1730"]
[Result "0-1"]
1.d4 Ng8f6
2.Nb1c3 d5
3.Ng1f3 c6
4.e3 Bc8g4
5.Bf1e2 e6
6.h3 Bg4xf3
7.Be2xf3 Nb8d7
8.O-O Bf8e7
9.Rf1e1 O-O
10.a3 b6
11.Nc3e2 Rf8e8
12.c3 h6
13.Ne2g3 c5
14.e4 dxe4
15.Ng3xe4 Nf6xe4
16.Bf3xe4 Ra8b8
17.Be4c2 cxd4
18.Qd1xd4 Be7c5
19.Qd4d3 Nd7f6
20.Qd3g3 Kh8
21.b3 Bc5d6
22.Bc1f4 Bd6xf4
23.Qg3xf4 Rb8c8
24.Re1d1 Qd8c7
25.Qf4xc7 Rc8xc7
26.c4 b5
27.Bc2d3 bxc4
28.bxc4 Re8c8
29.Ra1c1 Nf6d5
30.g3 Nd5b6
31.f4 g6
32.g4 Nb6xc4
33.a4 Nc4e3
34.Rc1xc7 Rc8xc7
35.Rd1b1 Ne3d5
36.Rb1f1 Rc7c3
37.Bd3b5 Rc3xh3
38.Kg2 Rh3e3
39.Bb5e8 Kg7
40.a5 Re3a3
41.f5 exf5
42.gxf5 Nd5f6
43.Be8c6 Ra3xa5
44.fxg6 Kxg6
45.Kf3 Ra5f5
46.Ke2 Rf5c5
47.Rf1g1 Kh7
48.Bc6f3 a5
49.Rg1e1 Kg6
50.Kd3 Kg5
51.Re1e7 Kg6
52.Kd4 Rc5f5
53.Bf3e4 Nf6xe4
54.Re7xe4 f6
55.Kc4 Kg5
56.Kb3 h5
{ abandon }0-1

[Event "Tournoi n27410"]
[Site "www.echecsemail.com"]
[Date "2026.02.12"]
[Round "1"]
[White "Voyageur"]
[Black "Vb83"]
[WhiteElo "1650"]
[BlackElo "1480"]
[Result "0-1"]
1.d4 d6
2.e4 Nb8c6
3.d5 Nc6e5
4.Nb1c3 Bc8g4
5.Bf1e2 Bg4xe2
6.Ng1xe2 Ng8f6
7.O-O g6
8.Bc1f4 Ne5c4
9.b3 Nc4b6
10.h3 Bf8g7
11.Ne2d4 O-O
12.f3 Nf6h5
13.Bf4e3 e6
14.dxe6 fxe6
15.Nd4xe6 Qd8d7
16.Ne6xf8 Ra8xf8
17.Be3xb6 axb6
18.g4 Bg7xc3
19.Qd1d5 Kh8
20.Ra1d1 Nh5f4
21.Qd5xb7 Nf4xh3
22.Kg2 Nh3f4
23.Kg3 Bc3e5
24.Kh4 Nf4g2
25.Kh3 Ng2e3
26.Rd1c1 Ne3xf1
27.Rc1xf1 Rf8f4
28.a4 Qd7g7
29.Qb7c8 Rf4f8
30.Qc8e6 Qg7h6
31.Kg2 Qh6h2
0-1

[Event "Défi"]
[Site "www.echecsemail.com"]
[Date "2026.02.12"]
[Round "1"]
[White "Claudius94"]
[Black "Artistepeintre"]
[WhiteElo "1840"]
[BlackElo "1530"]
[Result "1-0"]
1.e4 e5
2.Ng1f3 f6
3.d4 exd4
4.Nf3xd4 d6
5.Bf1e2 Bc8d7
6.O-O c5
7.Nd4f3 Bd7c6
8.Rf1e1 Bc6xe4
9.Be2d3 d5
10.Bd3xe4 Ng8e7
11.Be4xd5 Nb8d7
12.Bd5xb7 Ra8b8
13.Bb7a6 Qd8a5
14.Ba6c4 Nd7b6
15.Bc1d2 Nb6xc4
16.Bd2xa5 Nc4xa5
17.Nb1c3 Rb8xb2
18.Ra1b1 Na5c4
19.Rb1xb2 Nc4xb2
20.Qd1b1 Nb2c4
21.Qb1b5 Kf7
22.Qb5xc4 Ke8
23.Qc4xc5 Kf7
24.Qc5c4 Ke8
25.Nc3b5 Kd8
26.Re1d1 Ke8
27.Nb5c7 1-0

[Event "JEUNE"]
[Site "www.echecsemail.com"]
[Date "2026.02.12"]
[Round "1"]
[White "Katastrofic"]
[Black "Woluwe1975"]
[WhiteElo "1470"]
[BlackElo "1680"]
[Result "0-1"]
1.e4 e5
2.Ng1f3 Nb8c6
3.Nb1c3 Ng8f6
4.Bf1b5 Nc6d4
5.d3 c6
6.Nf3xd4 exd4
7.e5 dxc3
8.exf6 Qd8xf6
9.Bb5a4 cxb2
{ abandon }0-1

[Event "Memorial Lara CIV"]
[Site "www.echecsemail.com"]
[Date "2026.02.12"]
[Round "1"]
[White "Pgo"]
[Black "Tartu"]
[WhiteElo "1710"]
[BlackElo "1730"]
[Result "1-0"]
1.e4 e5
2.Bf1c4 Bf8c5
3.Ng1f3 Nb8c6
4.d3 h6
5.Nb1c3 Ng8f6
6.O-O a6
7.a3 O-O
8.Rf1e1 d6
9.h3 b5
10.Bc4d5 Nf6xd5
11.Nc3xd5 Nc6e7
12.c4 bxc4
13.dxc4 Ne7xd5
14.Qd1xd5 Bc8e6
15.Qd5d3 c6
16.b4 Bc5a7
17.Bc1e3 Ba7xe3
18.Re1xe3 Rf8e8
19.Ra1d1 Qd8b6
20.Qd3xd6 Ra8d8
21.c5 Rd8xd6
22.Rd1xd6 Qb6b5
23.Nf3xe5 Be6a2
24.Ne5xc6 Re8e6
25.Rd6d8 Kh7
26.Nc6d4 Qb5a4
27.Nd4xe6 fxe6
28.Rd8d6 Ba2c4
29.c6 Qa4b5
30.e5 Qb5b6
31.Re3c3 Qb6b5
32.c7 Qb5b7
33.Rc3xc4 { abandon }1-0

[Event "Défi"]
[Site "www.echecsemail.com"]
[Date "2026.02.12"]
[Round "1"]
[White "Bibisept"]
[Black "Jpjay"]
[WhiteElo "1960"]
[BlackElo "1660"]
[Result "1-0"]
1.d4 d5
2.c4 e6
3.Nb1c3 Bf8b4
4.a3 Bb4xc3
5.bxc3 Ng8f6
6.Bc1g5 Nb8d7
7.e3 O-O
8.Ng1f3 c6
9.Nf3e5 Qd8e8
10.Bf1d3 Nd7xe5
11.dxe5 Nf6e4
12.Bd3xe4 dxe4
13.Qd1d4 h6
14.Bg5h4 Bc8d7
15.Qd4xe4 Ra8b8
16.c5 b6
17.O-O bxc5
18.Rf1b1 a5
19.Rb1xb8 Qe8xb8
20.Ra1b1 Qb8a8
21.Bh4e7 Rf8e8
22.Be7xc5 Bd7c8
23.h3 Bc8b7
24.Rb1d1 g6
25.Rd1d7 Re8d8
26.Qe4d4 Rd8xd7
27.Qd4xd7 Qa8a6
28.Qd7e8 Kg7
29.Qe8f8 Kh7
30.Qf8xf7 Kh8
31.Bc5f8 { abandon }1-0

[Event "Défi( 20J+48H/c 20J Max )"]
[Site "www.echecsemail.com"]
[Date "2026.02.12"]
[Round "1"]
[White "Patau"]
[Black "Jeff75019"]
[WhiteElo "1670"]
[BlackElo "1460"]
[Result "1-0"]
1.e4 e5
2.Ng1f3 Nb8c6
3.Bf1c4 Ng8f6
4.Nf3g5 d5
5.exd5 Nf6xd5
6.Ng5xf7 Kxf7
7.Qd1f3 Ke8
8.Bc4xd5 Nc6d4
9.Qf3f7 1-0

[Event "Tournoi n27452"]
[Site "www.echecsemail.com"]
[Date "2026.02.12"]
[Round "1"]
[White "Fouvolant"]
[Black "Mokanne"]
[WhiteElo "1510"]
[BlackElo "1420"]
[Result "1-0"]
1.e4 d6
2.d4 g6
3.Nb1c3 Bc8d7
4.f4 c6
5.Ng1f3 f6
6.Bf1d3 Bd7g4
7.O-O Ng8h6
8.h3 Bg4e6
9.Bc1e3 Bf8g7
10.Qd1d2 Nb8d7
11.f5 gxf5
12.Be3xh6 Bg7xh6
13.Qd2xh6 Nd7f8
14.exf5 Be6f7
15.Ra1e1 Kd7
16.Qh6g7 Nf8g6
17.Qg7xf7 Ng6f4
18.Bd3c4 Qd8f8
19.Qf7xf8 Rh8xf8
20.Re1e4 Nf4xh3
21.gxh3 b5
22.Nc3xb5 d5
23.Bc4xd5 cxd5
24.Re4e6 a6
25.Nb5c3 Rf8g8
26.Kh2 h6
27.Nc3xd5 Ra8b8
28.b3 Rg8g7
29.Re6xe7 Rg7xe7
30.Nd5xe7 Kxe7
31.Rf1e1 Kf8
32.c4 a5
33.d5 a4
34.Nf3d4 axb3
35.Nd4xb3 Rb8a8
36.Re1e2 Ra8a4
37.Re2c2 Ra4a6
38.Kg3 Ke7
39.Rc2e2 Kf7
40.Kf4 Ra6d6
41.Re2e6 Rd6a6
42.Re6xa6 h5
43.Ra6a7 Kg8
44.Ra7e7 Kh8
45.d6 { abandon }1-0

[Event "Memorial Lara CIV"]
[Site "www.echecsemail.com"]
[Date "2026.02.12"]
[Round "1"]
[White "Alain64"]
[Black "Tartu"]
[WhiteElo "2090"]
[BlackElo "1730"]
[Result "1-0"]
1.f4 d5
2.Ng1f3 Nb8c6
3.e3 g6
4.Bf1b5 Bc8d7
5.O-O Bf8g7
6.d4 a6
7.Bb5xc6 Bd7xc6
8.Nf3e5 Qd8d6
9.b3 Ng8f6
10.Bc1a3 Qd6e6
11.Nb1d2 O-O
12.c4 dxc4
13.bxc4 Bc6e4
14.Qd1b3 Ra8b8
15.d5 Qe6c8
16.Ba3xe7 Rf8e8
17.d6 cxd6
18.Be7xd6 Rb8a8
19.Ra1c1 Qc8c6
20.Ne5xc6 Be4xc6
21.c5 Nf6d5
22.e4 Bg7d4
23.Kh1 Nd5f6
24.e5 Nf6d5
25.Nd2e4 Re8e6
26.Ne4g5 Re6e8
27.f5 h6
28.fxg6 fxg6
29.Ng5e4 Kg7
30.Rf1f3 Bc6b5
31.Qb3xd5 { abandon }1-0

[Event "Eq:modesty-au plaisir du jeux  :"]
[Site "www.echecsemail.com"]
[Date "2026.02.12"]
[Round "1"]
[White "Thierry7ardeche"]
[Black "Marathonman"]
[WhiteElo "2090"]
[BlackElo "2070"]
[Result "1-0"]
1.e4 e5
2.Bf1c4 Ng8f6
3.d4 exd4
4.Ng1f3 Nf6xe4
5.Qd1xd4 Qd8e7
6.O-O Qe7c5
7.Qd4xe4 Bf8e7
8.Nb1c3 c6
9.Bc4d3 d5
10.Qe4d4 Qc5xd4
11.Nf3xd4 O-O
12.Nd4f5 Bc8xf5
13.Bd3xf5 g6
14.Bf5d3 Nb8d7
15.Bc1h6 Rf8e8
16.Rf1e1 d4
17.Nc3e4 Be7f8
18.Bh6xf8 Kxf8
19.Ne4d6 Re8e6
20.Re1xe6 fxe6
21.Nd6xb7 Ra8b8
22.Bd3a6 Ke7
23.b4 c5
24.bxc5 Rb8c8
25.Ra1b1 Nd7xc5
26.Nb7xc5 Rc8xc5
27.Rb1b7 Kf6
28.Ba6d3 e5
29.f3 h5
30.Rb7xa7 { abandon }1-0

[Event "Défi( 10J+24H/c 10J Max )"]
[Site "www.echecsemail.com"]
[Date "2026.02.12"]
[Round "1"]
[White "Lancov"]
[Black "Alain34"]
[WhiteElo "1920"]
[BlackElo "2100"]
[Result "0-1"]
1.e4 d6
2.d4 Ng8f6
3.Nb1c3 g6
4.f3 c6
5.Ng1e2 Nb8d7
6.Bc1e3 b5
7.Qd1d2 Nd7b6
8.O-O-O Nb6c4
9.Qd2d3 Qd8a5
10.Be3d2 Qa5b4
{ abandon }0-1

[Event "2801"]
[Site "www.echecsemail.com"]
[Date "2026.02.12"]
[Round "1"]
[White "Katastrofic"]
[Black "Titit1"]
[WhiteElo "1460"]
[BlackElo "1440"]
[Result "1-0"]
1.e4 c6
2.Bf1c4 e5
3.a3 d6
4.h3 f5
5.Bc4xg8 Rh8xg8
6.exf5 Bc8xf5
7.d3 Nb8d7
8.Nb1c3 Qd8e7
9.Ng1f3 O-O-O
10.O-O h6
11.Bc1e3 g5
12.g4 Bf5h7
13.Nc3e4 d5
14.Ne4d2 Bf8g7
15.b4 e4
16.dxe4 Bg7xa1
17.Qd1xa1 dxe4
18.Nf3d4 Nd7b6
19.c4 Nb6d7
20.c5 Rg8f8
21.a4 Nd7e5
22.Qa1c1 Ne5d7
23.Nd2b3 Nd7f6
24.Rf1d1 Rf8g8
25.Rd1d2 Nf6d5
26.Nd4c2 Nd5xe3
27.Rd2xd8 Rg8xd8
28.Nc2xe3 Rd8d3
29.Qc1c4 Qe7d8
30.Ne3f5 Rd3d1
31.Kg2 Bh7xf5
32.gxf5 Kb8
33.Qc4xe4 a6
34.f6 Ka7
35.f7 Qd8f8
36.Qe4e8 Qf8g7
37.f8Q Qg7xf8
38.Qe8xf8 Rd1d3
39.Nb3c1 Rd3d4
40.b5 Rd4xa4
41.b6 1-0

[Event "Défi"]
[Site "www.echecsemail.com"]
[Date "2026.02.12"]
[Round "1"]
[White "Alain34"]
[Black "Tiounet"]
[WhiteElo "2110"]
[BlackElo "1630"]
[Result "1-0"]
1.e4 a6
2.d4 b5
3.f4 Bc8b7
4.Bf1d3 Ng8f6
5.Nb1d2 g6
6.Ng1f3 Bf8g7
7.O-O O-O
8.e5 Nf6d5
9.Nd2e4 Nd5b4
10.c3 Nb4c6
11.Qd1e1 d6
12.Qe1g3 dxe5
13.fxe5 Nb8d7
14.Nf3g5 Nc6a5
15.Ng5xh7 Kxh7
16.Qg3h4 Kg8
17.Ne4g5 Rf8e8
18.Qh4h7 Kf8
19.Rf1xf7 1-0

[Event "CC Fev26"]
[Site "www.echecsemail.com"]
[Date "2026.02.12"]
[Round "1"]
[White "Alain64"]
[Black "Luc20"]
[WhiteElo "2090"]
[BlackElo "1870"]
[Result "1-0"]
1.b3 e5
2.Bc1b2 d6
3.c4 Bc8g4
4.h3 Bg4h5
5.Nb1c3 Ng8f6
6.g4 Bh5g6
7.Bf1g2 c6
8.d4 Nb8d7
9.d5 c5
10.e4 a6
11.Ng1e2 Bf8e7
12.O-O b5
13.cxb5 axb5
14.Ne2g3 b4
15.Nc3e2 O-O
16.f4 exf4
17.Ne2xf4 Nd7e5
18.Ng3f5 Qd8c7
19.Bb2xe5 Bg6xf5
20.Be5xf6 Be7xf6
21.exf5 Bf6xa1
22.Qd1xa1 Rf8e8
23.f6 g6
24.Nf4d3 Re8e3
25.Qa1c1 Ra8e8
26.Nd3xb4 Qc7a5
27.Nb4c6 Qa5xa2
28.Nc6e7 Kf8
29.Qc1xe3 { abandon }1-0

[Event "Tournoi n27385"]
[Site "www.echecsemail.com"]
[Date "2026.02.12"]
[Round "1"]
[White "Titit1"]
[Black "Fouvolant"]
[WhiteElo "1460"]
[BlackElo "1410"]
[Result "0-1"]
1.Ng1f3 d5
2.e4 dxe4
3.Nf3g5 Ng8f6
4.Bf1c4 e6
5.Nb1c3 h6
6.Ng5xe4 Bf8e7
7.O-O O-O
8.a3 Nb8c6
9.Ne4xf6 Be7xf6
10.Nc3e4 Bf6e7
11.d3 f5
12.Ne4c3 Be7f6
13.Nc3e2 a6
14.c3 Kh8
15.d4 Nc6e7
16.Ne2f4 Ne7d5
17.Nf4xd5 exd5
18.Bc4a2 c6
19.b3 Bc8e6
20.c4 Qd8d7
21.Bc1f4 Qd7e7
22.cxd5 Be6xd5
23.Rf1e1 Qe7f7
24.Ra1c1 Rf8e8
25.Rc1b1 Re8xe1
26.Qd1xe1 Bf6xd4
27.Rb1d1 c5
28.Qe1d2 Qf7g6
29.Bf4g3 Ra8f8
30.Qd2d3 Bd5e4
31.Qd3c4 f4
32.Bg3xf4 Qg6xg2
0-1